000 00744nam a2200217 a 4500
001 000039679
005 20201002033657.0
008 130716s2012 dr 000 0 spa d
020 _a9789945491012
040 _aDO-SdBNP
_bspa
_cBNPHU
082 _a641.597293
_bR788c
100 1 _aRosa y Carpio, Cándida Inés
_965876
245 1 0 _aCandy cocina contigo /
_cCándida Inés Rosa y Carpio.
260 _aSantiago de los Caballeros :
_bPalabra Multimedia,
_c2012.
300 _a198 p. ;
_c23 cm.
590 _aInventariado, 2018/ YL
500 _aIncluye datos biográficos del autor en la solapa de la cubierta
650 4 _aCocina dominicana
_9192
650 4 _aPreparación de alimentos
_9193
910 _aValidado. Control de calidad MFF
999 _c39169
_d39169